| 000 | 00895cam a2200205 4500 | ||
|---|---|---|---|
| 001 | WB3723-23 | ||
| 008 | 000000n2001 000 0 eng u | ||
| 035 | _a(Sirsi) u113073 | ||
| 245 | _aMore urban design in London strategy | ||
| 260 | _c2001 | ||
| 490 |
_aUrban Environment Today _v(123) 7 June 2001, 2(1) |
||
| 520 | _aRIBA has called for greater priority to be given to urban design issues in London's Spatial Development Strategy. In a report on urban design and planning in London, RIBA is pressing for all planning applications to be considered in terms of how their design and architecture contribute to the existing public realm and local environment. | ||
| 590 | _aWB | ||
| 650 | _aURBAN DESIGN | ||
| 650 | _aARCHITECTURE | ||
| 650 | _aSPATIAL DEVELOPMENT STRATEGY | ||
| 650 | _aLONDON | ||
| 690 | _aENVIRONMENTAL AND LAND CONSULTANCY-PLANNING AND DEVELOPMENT | ||
| 942 | _n0 | ||
| 999 |
_c67311 _d67311 |
||